01306nam a22003017a 4500003000400000005001700004008004100021040002200062082001800084100002500102245003000127260006000157300002100217366000800238490002600246505001200272505007000284505026100354505001200615650005500627650004700682650004800729650004300777650004500820650005600865650004700921700003600968OSt20230621092610.0221006b |||||||| |||| 00| 0 eng d cBiblioteca Lado V a709.05bG851a aGriffin, Timeeditor aArtforum/bInternacional/ aNew Yorkc1994bNew York editorial and business offices c26.5x27cma128p. espa aMayov1994x0864-1315 tLETTERS tCOLUMNSaGlamour Wounds Agitpop Special Effects Real Life Rock tFEATURESgCreatures of the plane As is: Wolfgang Tillmans' Live Style Louise Fishman: Valles Marineris April 4, 1994 Derec=k Jarman, 1942-1994: A Political Death Bad Girl Blues Once Girl Blues Once More with Intellect: Italy's New Idea Art Openings tREVIEWS 2Tesauro de Arte & ArquitecturaaARTE COMTEMPORANEO 2Tesauro de Arte & ArquitecturaaFOTOGRAFIA 2Tesauro de Arte & ArquitecturaaARTE VISUAL 2Tesauro de Arte & ArquitecturaaLIBROS 2Tesauro de Arte & ArquitecturaaNOTICIAS 2 Tesauro de Arte & ArquitecturaaARTE INTERNACIONAL 2 Tesauro de Arte & ArquitecturaaESCULTURA aNavarreta, Jose Antonioeeditor